000 01414nam a22002417a 4500
999 _c57243
_d57243
003 Ge_BSU
005 20200127161139.0
008 200127s2009 ||||| |||| 00| 0 geo d
022 _219875894
041 _ageo
080 _a343.143 ა-13
100 _aაბაშიძე, გივი.
_91912
245 _aმოწმის იმუნიტეტი სისხლის სამართლის პროცესში /
_cგივი აბაშიძე ; სერიის რედ : ბ. ზოიძე ; ო. მახარაძე ; ნომრის რედ. ა. მახარაძე.
264 _aბათუმი :
_bშოთა რუსთაველის სახელმწ. უნ-ტი,
_c2009.
300 _a65 გვ. ;
_c20 სმ.
440 _aსტუდენტის ბიბ-კა. სამართალმცოდნეობა. სისხლის სამართლის პროცესი. N 5
_96409
653 _aმოწმის იმუნიტეტი
653 _aსამართალი
700 _aზოიძე, ბ
_eსერიის რედაქტორი
_96410
700 _aმახარაძე, ო
_eსერიის რედაქტორი
_92877
700 _aმახარაძე, ა
_e.ნომრის რედაქტორი
_96411
942 _2udc
_cBK